| 000 | 01181cad a22002775a 4500 | ||
|---|---|---|---|
| 001 | L156923 | ||
| 008 | 120731e20120217xxkd f s 000 0 eng d | ||
| 035 | _a(Sirsi) u156923 | ||
| 041 | 0 | _aeng | |
| 110 | 2 |
_aRoyal Institution of Chartered Surveyors _bEconomics _95033 |
|
| 245 | 0 | 0 |
_aRICS global real estate weekly _b13 July 2012 _h[electronic resource] |
| 260 |
_aLondon _bRICS _c2012 |
||
| 490 | 0 |
_aRICS Global Real Estate Weekly _v13 July 2012 |
|
| 520 | _a845k more construction jobs are likely to be lost across the euro area by the end of 2013. Canadian non-residential construction likely to continue to grow in Q2 2012. Near term Japanese building outlook remains positive. Rising inflation prevents Reserve Bank of India doves from cutting rates. | ||
| 590 | _aKA | ||
| 650 | 2 | 4 | _aRICS GLOBAL REAL ESTATE WEEKLY |
| 651 | 4 | _aEurope | |
| 651 | 4 | _aCanada | |
| 651 | 4 | _aJapan | |
| 651 | 4 | _aIndia | |
| 690 |
_aResidential property _96266 |
||
| 690 |
_aCommercial property _96227 |
||
| 690 |
_aConstruction management _96230 |
||
| 856 | 4 | 0 |
_uhttps://www.rics.org/site/download_feed.aspx?fileID=12170&fileExtension=PDF _zView the report at www.rics.org |
| 942 | _n0 | ||
| 999 |
_c114491 _d114491 |
||